Statistiques concernant Quiz Seconde Guerre Mondiale

Cliquez ici pour prendre le quiz!

Statistiques générales

  • Ce quiz a été pris 216 fois
  • Le résultat moyen est 8 sur 11

Statistiques - réponses

QuestionRéponse% Correct
Date de la Seconde Guerre Mondiale :1939 - 1945
96%
Qui envahi la Pologne en 1939 ?L'Allemagne
90%
Qui s'opposent ?Les Alliés et L'Axe
89%
En quelle année Hitler se suicide ?1945
86%
Quel jour est le débarquement en Normandie ?6 Juin 1944
84%
Quel jour a commencé la Seconde Guerre Mondiale1 Septembre 1939
81%
Date du bombardement d'Hiroshima ?6 août
54%
Quel jour le Japon capitule, c'est la fin de la Seconde Guerre Mondiale ?2 Septembre 1945
53%
Dates de la Bataille de Stalingrad qui oppose le Troisième Reich et L'URSS ?Du 11 Juillet 1942 au 2 Février 1943
52%
En quelle année est la bataille de Midway ?1942
48%
En quelle année Hitler est né ?1889
39%

Distribution des résultats

Percentile par nombre de réponses

% des personnes avec chaque résultat

Votre développement - résultats

Vous n’avez pas pris ce quiz